000 01374nam0a22002771 4500
001 rc\856205
005 20241119094626.0
035 _a(NLR Aleph) 006036259
090 _a7580519
_c7580519
100 _a20041129d1984 u |0rusy50 ca
101 0 _arus
102 _aRU
105 _ay |||||||||
200 1 _aУпражнения и задачи по курсу "Физическая химия" (раздел "Электрохимия")
_eДля студентов спец. № 2018
_f[Сост.: И.И. Покровский, доц., к. х. н., А.А. Козыро, к. х. н.]
_gМ-во высш. и сред. спец. образования БССР, Белорус. гос. ун-т им. В.И. Ленина. Хим. фак. Каф. физ. химии
210 _aМинск
_cБ. и.
_d1984
215 _a[1], 64 с.
_d20
320 _aБиблиогр.: с. 58
700 1 _aПокровский
_bИ. И.
_gИгорь Иванович
701 1 _aКозыро
_bА. А.
_gАлександр Алексеевич
712 0 2 _aБелорусский государственный университет им. В. И. Ленина
_cМинск
_bКафедра физической химии
_3RU\NLR\AUTH\889921505
_4570
801 0 _aRU
_bNLR
_gpsbo
801 1 _aRU
_bELAR
_2rusmarc
852 _aNLR
_j87-4/468
942 _cBOOK
980 _aNB